Online
Catalog

Le differend entre Haití & Saint-Domingue (Record no. 49119)

MARC details
000 -CABECERA
campo de control de longitud fija 01160nam a2200313 a 4500
001 - NÚMERO DE CONTROL
campo de control
003 - IDENTIFICADOR DEL NÚMERO DE CONTROL
campo de control OSt
005 - FECHA Y HORA DE LA ÚLTIMA TRANSACCIÓN
campo de control 20260417131324.0
008 - DATOS DE LONGITUD FIJA--INFORMACIÓN GENERAL
campo de control de longitud fija 090716s1900 dr ab 000 0 spa d
020 ## - NÚMERO INTERNACIONAL ESTÁNDAR DEL LIBRO
Número Internacional Estándar del Libro
040 ## - FUENTE DE LA CATALOGACIÓN
Centro catalogador/agencia de origen DO-SdBNP
Lengua de catalogación spa
Centro/agencia transcriptor BNPHU
082 ## - NÚMERO DE LA CLASIFICACIÓN DECIMAL DEWEY
Número de clasificación 341.42
Número de documento/Ítem P873h, 1900
100 1# - ENTRADA PRINCIPAL--NOMBRE DE PERSONA
Nombre de persona A. Poujol
9 (RLIN) 5673
245 10 - MENCIÓN DE TÍTULO
Título Le differend entre Haití & Saint-Domingue
Resto del título au sujet de leurs frontieres nationales /
Mención de responsabilidad, etc. A. Poujol
250 ## - MENCIÓN DE EDICIÓN
Mención de edición
260 ## - PUBLICACIÓN, DISTRIBUCIÓN, ETC.
Lugar de publicación, distribución, etc. París :
Nombre del editor, distribuidor, etc. A. Pedone,
Fecha de publicación, distribución, etc. 1900
300 ## - DESCRIPCIÓN FÍSICA
Extensión 65 p. ;
Otras características físicas
Dimensiones 23 cm.
500 ## - NOTA GENERAL
Nota general Trait de la revue generale de droit international public
504 ## - NOTA DE BIBLIOGRAFÍA, ETC.
Nota de bibliografía, etc. Incluye referencias bibliográficas y notas al pie de las páginas
546 ## - NOTA DE LENGUA/LENGUAJE
Nota de lengua/lenguaje Texto en francés
590 ## - NOTA LOCAL (RLIN)
Nota local Inventariado,2020/VM
650 #4 - PUNTO DE ACCESO ADICIONAL DE MATERIA--TÉRMINO DE MATERIA
Término de materia o nombre geográfico como elemento de entrada Derecho internacional público
9 (RLIN) 9388
651 #4 - PUNTO DE ACCESO ADICIONAL DE MATERIA--NOMBRE GEOGRÁFICO
Nombre geográfico República Dominicana
Subdivisión general Limites
Subdivisión geográfica Haití
Subdivisión general Historia
9 (RLIN) 170
Fuente del encabezamiento o término
651 #4 - PUNTO DE ACCESO ADICIONAL DE MATERIA--NOMBRE GEOGRÁFICO
Nombre geográfico Haití
Subdivisión general Relaciones exteriores
--
9 (RLIN) 8418
Subdivisión geográfica República Dominicana
651 #4 - PUNTO DE ACCESO ADICIONAL DE MATERIA--NOMBRE GEOGRÁFICO
Nombre geográfico República Dominicana
Subdivisión general Tratados internacionales
9 (RLIN) 77219
651 #4 - PUNTO DE ACCESO ADICIONAL DE MATERIA--NOMBRE GEOGRÁFICO
Nombre geográfico Haití
Subdivisión general Limites
9 (RLIN) 77220
Subdivisión geográfica República Dominicana
910 ## - DATOS DE OPCIÓN DEL USUARIO (OCLC)
Datos de opción del usuario VMateo/Validado. Control de calidad MFF
942 ## - ELEMENTOS DE PUNTO DE ACCESO ADICIONAL (KOHA)
Fuente del sistema de clasificación o colocación Dewey Decimal Classification
Tipo de ítem Koha Libro
Holdings
Estado de retiro Estado de pérdida Fuente del sistema de clasificación o colocación Restricciones de uso No para préstamo Código de colección Localización permanente Ubicación/localización actual Fecha de adquisición Fuente de adquisición Total de préstamos Signatura topográfica completa Fecha visto por última vez Precio válido a partir de Tipo de ítem Koha Nota pública
    Dewey Decimal Classification Excluido de préstamo Excluido de préstamo Raros y valiosos Biblioteca Nacional Pedro Henríquez Ureña Patrimonio Dominicano 10.11.2020 Carlos Larrazabal Blanco   BNPHU PD-RV 341.42 P873h 1900 10.11.2020 10.11.2020 Libro Perteneció a la biblioteca personal de Carlos Larrazabal Blanco

Powered by Koha